|
|
|
|
| LEADER |
00800pam a2200205 i 4500 |
| 020 |
|
|
|a 9780190201395
|
| 082 |
0 |
4 |
|a 501.51
|b CHR/M
|
| 100 |
1 |
|
|a Christopher Pincock,
|
| 245 |
1 |
0 |
|a Mathematics and scientific representation /
|c Christopher Pincock.
|
| 260 |
|
|
|a Oxford:
|b Oxford University Press,
|c 2014.
|
| 300 |
|
|
|a xiv, 330 pages :
|b illustrations ;
|
| 490 |
1 |
|
|a Oxford studies in philosophical science
|
| 500 |
|
|
|a Originally published in hardback: New York : Oxford University Press, ♭2012.
|
| 650 |
|
0 |
|a Science Mathematical Representation.
|
| 650 |
|
0 |
|a Science.
|
| 650 |
|
0 |
|a Mathematics.
|
| 650 |
|
0 |
|a Pure Science.
|
| 942 |
|
|
|c BK
|
| 999 |
|
|
|c 60302
|d 60302
|
| 952 |
|
|
|0 0
|1 0
|4 0
|6 501_510000000000000_CHR_M
|7 0
|9 83512
|a SSUS
|b SSUS
|c STACKS
|d 2016-04-18
|g 2660.40
|o 501.51 CHR/M
|p 082152
|r 2016-04-18
|w 2016-04-18
|y BK
|